000
00220nam a2200097Ia 4500
008
170619s9999 xx 000 0 und d
100
_a
LEVY
245
4
_a
THE BASIC OF PRACICAL FOUNDATION
260
_b
Cambridge
260
_c
2009
546
_a
ENGLISH
999
_c
19418
_d
19418